01599cam a22002891 45000010008000000030006000080050017000140080041000310100013000720200015000850200018001000350037001180400074001550500017002290820010002461000027002562450055002832600081003383000025004193360026004443370028004703380027004985040029005255200611005546300024011657760120011893119577OCoLC20210226165016.0790416s1963 miu b 001 0 eng  a63017785 a0802831923 a9780802831927 a(OCoLC)3119577z(OCoLC)605166610 aDLCbengcDLCdOCLdWY@dCVNdTXCAPdOCLCQdCFTdSXCdYDXCPdBDXdMZN00aBS476bM625I bM625I1 aMickelsen, A. Berkeley10aInterpreting the Bible /cby A. Berkeley Mickelsen aGrand Rapids :bWm. B. Eerdmans Publishing Company,cc1963,g(1977 printing) axiv, 425 p. ;c24 cm atextbtxt2rdacontent aunmediatedbn2rdamedia avolumebnc2rdacarrier aBibliography: p. 383-392 aThe meaning of the Bible is involved with a multiplicity of historical events, peoples, institutions, and languages. Dr. Mickelsen shuns both the approach of proud rationalism, which would bring the Bible to account before the bar of human reason, and the approach of false pietism, which would subject the Bible to unstable feeling. Professor Mickelsen points the way to biblically acceptable principles and procedures, and urges upon interpreters a greater awareness that interpretation must always take place in the love of God and in the Spirit of Christ, of whom the Scriptures are the supreme witness00aBiblexHermeneutics08iOnline version:aMickelsen, A. Berkeley.tInterpreting the Bible.dGrand Rapids, Eerdmans [c1963]w(OCoLC)647063958